Early childhood care and education (Record no. 486326)

000 -LEADER
fixed length control field 00670cam a22001697a 4500
008 - FIXED-LENGTH DATA ELEMENTS--GENERAL INFORMATION
fixed length control field 180718b2000 xxu||||| |||| 00| 0 eng d
082 ## - DEWEY DECIMAL CLASSIFICATION NUMBER
Classification number P42x54 K163
100 ## - MAIN ENTRY--PERSONAL NAME
Personal name Kaul, Venita
245 ## - TITLE STATEMENT
Title Early childhood care and education
Statement of responsibility, etc. by Venita Kaul
260 ## - PUBLICATION, DISTRIBUTION, ETC.
Place of publication, distribution, etc. New Delhi
Name of publisher, distributor, etc. National Institute of Educational Planning and Administration
Date of publication, distribution, etc. 2000
300 ## - PHYSICAL DESCRIPTION
Extent 37+p.
440 ## - SERIES STATEMENT/ADDED ENTRY--TITLE
Title Year 2000 assessment: education for all
650 ## - SUBJECT ADDED ENTRY--TOPICAL TERM
Topical term or geographic name entry element Education, Elementary - India
700 ## - ADDED ENTRY--PERSONAL NAME
Personal name Indian National Commission for Cooperation with UNESCO
700 ## - ADDED ENTRY--PERSONAL NAME
Personal name India. Ministry of Human Resource Development
700 ## - ADDED ENTRY--PERSONAL NAME
Personal name India. National Institute of Educational Planning and Administration
Holdings
Withdrawn status Lost status Damaged status Not for loan Permanent Location Current Location Date acquired Full call number Barcode Date last seen Price effective from Koha item type
        Indian Institute of Public Administration Indian Institute of Public Administration 2018-08-04 P42x54 K163 GG23817 2018-08-04 2018-08-04 GG

Powered by Koha